Cercos y reparos forestales /
Guardado en:
| Autor Principal: | |
|---|---|
| Formato: | Libro |
| Publicado: |
Buenos Aires :
Suelo Argentino,
1952
|
| Etiquetas: |
Agregar Etiqueta
Sin Etiquetas, Sea el primero en etiquetar este registro!
|
| LEADER | 00454nam a22001575a 4500 | ||
|---|---|---|---|
| 001 | CEM.cems016141 | ||
| 005 | 20131120151912.0 | ||
| 008 | 130507s1952##################000#0#####d | ||
| 003 | CEMS | ||
| 020 | |a . | ||
| 082 | 0 | 4 | |a 634.95 |
| 100 | 1 | |a Selecciones El Campo | |
| 245 | 1 | 0 | |a Cercos y reparos forestales / |c Selecciones El Campo, |
| 260 | |a Buenos Aires : |b Suelo Argentino, |c 1952 | ||
| 300 | |a 129 p. | ||
| 859 | |a CEMS |b BIB. CEMS - Agricultura |h 634.95 |i Se482 |p A7135.79 |t Ej.1 | ||
